000 01111cab a2200313 4500
001 WB2846-07
008 090401t1992 xxu||||| |||| 00| 0 eng d
035 _a(Sirsi) u68590
041 _aeng
245 _aTender list charges
260 _c1992
350 _a0
490 _aArchitects` Journal
_v196(21) 25 November 1992, 5
490 _aBuilding
_v257(7772) 27 November 1992, 10(2)
520 _aThe NJCC claims that some local authorities are charging, contrary to Local Government Act 1988, contractors to be included on approved tender lists. Other bodies charging fees for inclusion on pre-qualification lists for tenders maintain this is necessary for compliance with the Utilities Directive.
650 _aAPPROVED CONTRACTORS
650 _aBRITISH RAIL
650 _aCONTRACTORS
650 _aEC DIRECTIVES
650 _aLOCAL AUTHORITIES
650 _aNATIONAL JOINT CONSULTATIVE COMMITTEE
650 _aNJCC
650 _aSURVEYORS
650 _aUTILITIES DIRECTIVE
690 _aBUILT ENVIRONMENT
690 _aPROFESSIONAL PRACTICE
942 _n0
948 _c04/03/1997
999 _c43034
_d43034